000 00715nam a2200241 a 4500
999 _c1252
_d1252
001 1252
003 BD-JhCC
005 20190624134017.0
008 171017s2002 bg |||| ||a| 000 0 ben d
020 _a9844102995
035 _a(BD-JhCC)1252
040 _aBD-JhCC
_dBD-JhCC
041 _aben
082 _222
_a170
_bISL 2002
100 _aইসলাম, ড. আমিনুল
245 _aনীতিবিজ্ঞান ও মানবজীবন /
_cড. আমিনুল ইসলাম
260 _aঢাকা :
_bমাওলা ব্রাদার্স,
_c২০০২.
300 _a332 p. :
_c22 cm.
650 _aEthics
650 _aMorale
942 _2ddc
_cBK
_01